00610nas a2200229 4500000000100000008004100001260001300042653002500055653001100080653001200091653000900103653003100112653001600143653003200159100001400191245005200205856005900257300001100316490000700327050003200334022001400366 1965 d c1965 Oct10aBone Transplantation10aHumans10aleprosy10aMale10aNose Deformities, Acquired10aRhinoplasty10aTransplantation, Autologous1 aTovey F I00aReconstruction of the nose in leprosy patients. uhttp://leprev.ilsl.br/pdfs/1965/v36n4/pdf/v36n4a11.pdf a215-200 v36 aInfolep Library - available a0305-7518